Bio-structural analogues in architecture / (Record no. 352780)
[ view plain ]
| 000 -LEADER | |
|---|---|
| fixed length control field | 00827 a2200253 4500 |
| 003 - CONTROL NUMBER IDENTIFIER | |
| control field | OSt |
| 005 - DATE AND TIME OF LATEST TRANSACTION | |
| control field | 20180116192346.0 |
| 008 - FIXED-LENGTH DATA ELEMENTS--GENERAL INFORMATION | |
| fixed length control field | 120531t xxu||||| |||| 00| 0 eng d |
| 020 ## - INTERNATIONAL STANDARD BOOK NUMBER | |
| International Standard Book Number | 9789063692049 (pbk.) |
| 020 ## - INTERNATIONAL STANDARD BOOK NUMBER | |
| International Standard Book Number | 9063692048 (pbk.) |
| 040 ## - CATALOGING SOURCE | |
| Transcribing agency | 0 |
| 082 04 - DEWEY DECIMAL CLASSIFICATION NUMBER | |
| Classification number | 721 |
| 100 1# - MAIN ENTRY--PERSONAL NAME | |
| Personal name | Lim, Joseph. |
| 9 (RLIN) | 2790 |
| 245 10 - TITLE STATEMENT | |
| Title | Bio-structural analogues in architecture / |
| Statement of responsibility, etc. | Joseph Lim. |
| 260 ## - PUBLICATION, DISTRIBUTION, ETC. | |
| Place of publication, distribution, etc. | Amsterdam : |
| Name of publisher, distributor, etc. | BIS, |
| Date of publication, distribution, etc. | c2009. |
| 300 ## - PHYSICAL DESCRIPTION | |
| Extent | 255 p. : |
| Other physical details | col. ill. ; |
| Dimensions | 16 cm. |
| 650 #0 - SUBJECT ADDED ENTRY--TOPICAL TERM | |
| Topical term or geographic name entry element | Structural design. |
| 9 (RLIN) | 2791 |
| 650 #0 - SUBJECT ADDED ENTRY--TOPICAL TERM | |
| Topical term or geographic name entry element | Architecture and biology |
| 9 (RLIN) | 2792 |
| 650 #0 - SUBJECT ADDED ENTRY--TOPICAL TERM | |
| Topical term or geographic name entry element | Architectural design |
| General subdivision | Research |
| 9 (RLIN) | 2793 |
| 650 #0 - SUBJECT ADDED ENTRY--TOPICAL TERM | |
| Topical term or geographic name entry element | Architectural design |
| 9 (RLIN) | 2794 |
| 942 ## - ADDED ENTRY ELEMENTS (KOHA) | |
| Institution code [OBSOLETE] | SADA |
| Koha item type | Book |
| Call number prefix | 721 LIM 2009 |
| Source of classification or shelving scheme | |
| Withdrawn status | Lost status | Source of classification or shelving scheme | Damaged status | Not for loan | Permanent Location | Current Location | Date acquired | Total Checkouts | Full call number | Barcode | Date last seen | Date last checked out | Copy number | Cost, replacement price | Price effective from | Koha item type | Total Renewals |
|---|---|---|---|---|---|---|---|---|---|---|---|---|---|---|---|---|---|
| Write Off | School of Art Design and Architecture (SADA) | School of Art Design and Architecture (SADA) | 04/13/2011 | 5 | 721 LIM 2009 | SADA0000827 | 04/18/2013 | 04/18/2013 | 02 | 1774.00 | 08/05/2011 | Book | |||||
| School of Art Design and Architecture (SADA) | School of Art Design and Architecture (SADA) | 04/13/2011 | 10 | 721 LIM 2009 | SADA0000826 | 10/08/2015 | 10/02/2015 | 01 | 1774.00 | 08/05/2011 | Book | 8 | |||||
| School of Art Design and Architecture (SADA) | School of Art Design and Architecture (SADA) | 07/28/2013 | 3 | 721 LIM 2009 | SADA0002134 | 05/13/2016 | 04/19/2016 | 03 | 2246.00 | 07/26/2013 | Book | 1 | |||||
| School of Art Design and Architecture (SADA) | School of Art Design and Architecture (SADA) | 07/01/2015 | 2 | 721 LIM 2009 | SADA0002488 | 03/09/2026 | 02/19/2026 | 04 | 3918.72 | 07/02/2015 | Book |
